[Event "Titled Tuesday intern op 07th Jan Early"]
[Site "Chess.com INT"]
[Date "2025.01.07"]
[Round "6"]
[White "Boix Redorta, Roc"]
[Black "Md, Sharif Hossain"]
[Result "0-1"]
[WhiteElo "1987"]
[BlackElo "2081"]
[PlyCount "76"]
[EventDate "2025.01.07"]
[EventType "swiss (blitz)"]
[EventRounds "11"]
[EventCountry "USA"]
[SourceTitle "CB03_2025"]
[SourceDate "2025.01.15"]
[SourceVersion "1"]
[SourceVersionDate "2025.01.15"]
[SourceQuality "1"]

1. e4 c5 2. Nf3 Nc6 3. b4 Nxb4 4. c3 Nc6 5. d4 cxd4 6. cxd4 e6 7. Nc3 Bb4 8. Bd2 Nf6 9. Bd3 d6 10. 0-0 0-0 11. a3 Ba5 12. Qe2 e5 13. d5 Nd4 14. Nxd4 exd4 15. Nb5 Bxd2 16. Qxd2 Qb6 17. a4 a6 18. Na3 Nd7 19. Nc4 Qc7 20. a5 Nc5 21. Rad1 Bd7 22. Bb1 Ba4 23. Qxd4 Bxd1 24. Rxd1 Rae8 25. f4 Nb3 26. Qc3 Nxa5 27. Rd4 Nxc4 28. Rxc4 Qb6+ 29. Kf1 Qxb1+ 30. Ke2 Rxe4+ 31. Rxe4 Qxe4+ 32. Kf2 Qxf4+ 33. Kg1 Re8 34. h3 Qe3+ 35. Kh1 Qxc3 36. Kh2 Qe5+ 37. Kg1 Qg3 38. h4 Re1# 0-1

[Event "BAN-chB 48th"]
[Site "Dhaka"]
[Date "2024.06.15"]
[Round "9"]
[White "Rahman, Syed Mahfuzur"]
[Black "Md, Sharif Hossain"]
[Result "0-1"]
[WhiteElo "2120"]
[BlackElo "2109"]
[PlyCount "102"]
[EventDate "2024.06.07"]
[EventType "swiss"]
[EventRounds "9"]
[EventCountry "BAN"]
[SourceTitle "EXT 2025"]
[Source "ChessBase"]
[SourceDate "2024.10.14"]
[SourceVersion "1"]
[SourceVersionDate "2024.10.14"]
[SourceQuality "1"]

1. d4 Nf6 2. c4 e6 3. Nc3 d5 4. Bg5 c6 5. e3 Nbd7 6. Nf3 Qa5 7. Nd2 Bb4 8. Bxf6 Nxf6 9. Qc2 0-0 10. Bd3 dxc4 11. Nxc4 Qh5 12. a3 Be7 13. 0-0 b5 14. Na5 Bd7 15. Be2 Qh6 16. b4 Bd6 17. f4 Nd5 18. Qd2 f5 19. Rac1 Rfc8 20. Nb7 Be7 21. Nd1 g5 22. g3 Be8 23. Nf2 Qg7 24. Na5 Bf6 25. Kh1 h5 26. Nd3 g4 27. Ne5 Bxe5 28. dxe5 Rd8 29. Bd3 Rac8 30. Qe2 a6 31. Nb3 c5 32. Nxc5 Bc6 33. e4 Nc7 34. Kg1 fxe4 35. Bxe4 Bd5 36. Rfd1 Qe7 37. h3 Bc4 38. Bd3 Nd5 39. Bxc4 bxc4 40. Rxc4 a5 41. hxg4 axb4 42. axb4 h4 43. Qe4 Qg7 44. g5 hxg3 45. Nxe6 Rxc4 46. Rxd5 Qa7+ 47. Kg2 Rxe4 48. Rxd8+ Kf7 49. Nc5 Qa2+ 50. Kxg3 Re3+ 51. Kg4 Qg2+ 0-1

[Event "BAN-chB 48th"]
[Site "Dhaka"]
[Date "2024.06.12"]
[Round "6"]
[White "Md, Sharif Hossain"]
[Black "Amit Bikram, Roy"]
[Result "0-1"]
[WhiteElo "2109"]
[BlackElo "1989"]
[PlyCount "122"]
[EventDate "2024.06.07"]
[EventType "swiss"]
[EventRounds "9"]
[EventCountry "BAN"]
[SourceTitle "EXT 2025"]
[Source "ChessBase"]
[SourceDate "2024.10.14"]
[SourceVersion "1"]
[SourceVersionDate "2024.10.14"]
[SourceQuality "1"]

1. e4 c5 2. Nf3 d6 3. Nc3 Nf6 4. d4 cxd4 5. Nxd4 a6 6. Be3 e5 7. Nf3 Be6 8. Be2 Be7 9. 0-0 0-0 10. h3 Nbd7 11. Ng5 Qc7 12. f4 exf4 13. Bxf4 Qb6+ 14. Kh1 Qxb2 15. Na4 Qa3 16. c4 Nc5 17. Nb6 Rad8 18. Qc2 h6 19. Nxe6 fxe6 20. e5 dxe5 21. Bxe5 Qe3 22. Bf4 Qe4 23. Qxe4 Nfxe4 24. Bc7 Rxf1+ 25. Bxf1 Rd2 26. a4 Bf6 27. Rb1 Ra2 28. Bf4 Bd4 29. Kh2 g5 30. Bc7 h5 31. Rd1 e5 32. a5 g4 33. hxg4 Nf2 34. Rb1 Nxg4+ 35. Kh3 Bf2 36. g3 Ra3 37. Kh4 Rxg3 38. Kxh5 Nf6+ 39. Kh4 Rb3+ 40. Kg5 Nh7+ 41. Kf5 Rxb1 42. Bg2 Bd4 43. Nc8 Rg1 44. Bd5+ Kg7 45. Bxe5+ Bxe5 46. Kxe5 Nf6 47. Bf3 Rf1 48. Bg2 Rf2 49. Bh1 Rd2 50. Ne7 Kf7 51. Nf5 Nfd7+ 52. Kf4 Ra2 53. Nd6+ Ke6 54. Nxb7 Nxb7 55. Bxb7 Nc5 56. Ba8 Rxa5 57. Ke3 Ra3+ 58. Kd2 Kd6 59. Kc2 Rb3 60. Kc1 a5 61. Bg2 a4 0-1

[Event "Titled Tuesday intern op 16th Apr Early"]
[Site "Chess.com INT"]
[Date "2024.04.16"]
[Round "9"]
[White "Bold, Andre"]
[Black "Md, Sharif Hossain"]
[Result "0-1"]
[WhiteElo "2218"]
[BlackElo "2137"]
[PlyCount "170"]
[EventDate "2024.04.16"]
[EventType "swiss (blitz)"]
[EventRounds "11"]
[EventCountry "USA"]
[SourceTitle "CBM 219 Extra"]
[Source "ChessBase"]
[SourceDate "2024.05.31"]
[SourceVersion "1"]
[SourceVersionDate "2024.05.31"]
[SourceQuality "1"]

1. d4 d5 2. Nf3 e6 3. e3 c5 4. Nbd2 cxd4 5. exd4 Nf6 6. Bd3 Bd6 7. c3 0-0 8. 0-0 Nbd7 9. Re1 a6 10. a4 b6 11. Nf1 Bb7 12. Ng3 h6 13. Ne5 Rc8 14. Nxd7 Qxd7 15. Qe2 Bxg3 16. hxg3 Ne4 17. Bxa6 Bxa6 18. Qxa6 Ra8 19. Qd3 Rxa4 20. Rb1 Rc4 21. g4 Qe7 22. f3 Nd6 23. Bf4 Rfc8 24. Rbc1 Ra4 25. Rc2 Ra2 26. Rce2 Nc4 27. b3 Rxe2 28. Rxe2 Na5 29. Qb5 Rxc3 30. Qxb6 Nxb3 31. Bd6 Qh4 32. Qb8+ Kh7 33. Bg3 Rc1+ 34. Kf2 Qh1 35. Be5 Nxd4 36. Bxd4 Qg1+ 37. Kg3 Qxd4 38. Qe8 Qf6 39. Qa4 Rc4 40. Qc2+ Qg6 41. Qxg6+ Kxg6 42. Ra2 Kf6 43. Ra7 g5 44. Rd7 Kg6 45. Rd8 Kg7 46. Rd7 Rc3 47. Rd8 Rd3 48. Kf2 e5 49. Ke2 e4 50. fxe4 dxe4 51. Re8 Rg3 52. Rxe4 Rxg2+ 53. Kf3 Ra2 54. Rb4 Ra5 55. Kg2 Kg6 56. Rb6+ f6 57. Rc6 Ra4 58. Kg3 Rf4 59. Rb6 h5 60. gxh5+ Kxh5 61. Rb8 Kg6 62. Rg8+ Kf5 63. Ra8 Re4 64. Ra5+ Re5 65. Ra3 g4 66. Ra4 Re3+ 67. Kg2 Kg5 68. Rb4 f5 69. Ra4 f4 70. Ra8 Re2+ 71. Kf1 Rb2 72. Rh8 g3 73. Rh7 Kg4 74. Rb7 f3 75. Rxb2 Kh3 76. Kg1 Kg4 77. Kf1 Kh3 78. Ra2 Kg4 79. Ra4+ Kh3 80. Ra2 f2 81. Ra3 Kh2 82. Ra8 g2+ 83. Kxf2 g1Q+ 84. Ke2 Qg2+ 85. Kd3 Qxa8 0-1

[Event "Titled Tuesday intern op 16th Apr Early"]
[Site "Chess.com INT"]
[Date "2024.04.16"]
[Round "10"]
[White "Md, Sharif Hossain"]
[Black "Grahn, Vidar"]
[Result "1-0"]
[WhiteElo "2137"]
[BlackElo "2247"]
[PlyCount "61"]
[EventDate "2024.04.16"]
[EventType "swiss (blitz)"]
[EventRounds "11"]
[EventCountry "USA"]
[SourceTitle "CBM 219 Extra"]
[Source "ChessBase"]
[SourceDate "2024.05.31"]
[SourceVersion "1"]
[SourceVersionDate "2024.05.31"]
[SourceQuality "1"]

1. e4 c5 2. Nf3 e6 3. d4 cxd4 4. Nxd4 Nc6 5. Nc3 Qc7 6. Be3 a6 7. Nxc6 bxc6 8. f4 Nf6 9. Be2 d5 10. Bf3 Bb4 11. e5 Nd7 12. a3 Bxc3+ 13. bxc3 a5 14. 0-0 Ba6 15. Rf2 Nb6 16. Bc5 Nc4 17. Qd4 Rb8 18. Be2 Rb2 19. Bd3 g6 20. g4 h5 21. f5 gxf5 22. gxf5 Rg8+ 23. Kh1 Qb7 24. Raf1 Rb1 25. fxe6 Rxf1+ 26. Rxf1 fxe6 27. Qh4 Nxe5 28. Qxh5+ Nf7 29. Bxa6 Qd7 30. Bc8 Qc7 31. Bxe6 1-0

[Event "Titled Tuesday intern op 16th Apr Early"]
[Site "Chess.com INT"]
[Date "2024.04.16"]
[Round "7"]
[White "Md, Sharif Hossain"]
[Black "Skiadopoulos, Nikolaos"]
[Result "1/2-1/2"]
[WhiteElo "2137"]
[BlackElo "1917"]
[PlyCount "115"]
[EventDate "2024.04.16"]
[EventType "swiss (blitz)"]
[EventRounds "11"]
[EventCountry "USA"]
[SourceTitle "CBM 219 Extra"]
[Source "ChessBase"]
[SourceDate "2024.05.31"]
[SourceVersion "1"]
[SourceVersionDate "2024.05.31"]
[SourceQuality "1"]

1. e4 c5 2. Nf3 Nc6 3. Bb5 Na5 4. 0-0 a6 5. Be2 Nc6 6. c3 Nf6 7. e5 Nd5 8. d4 cxd4 9. cxd4 g6 10. Nc3 Nxc3 11. bxc3 Bg7 12. a4 0-0 13. Rb1 d6 14. Bf4 dxe5 15. Nxe5 Nxe5 16. Bxe5 Bxe5 17. dxe5 Qc7 18. Qd4 Rd8 19. Qe3 Be6 20. Bf3 Bd5 21. h3 Rab8 22. Rfe1 Bxf3 23. Qxf3 b5 24. axb5 Rxb5 25. Rxb5 axb5 26. g3 Qd7 27. Re3 Qxh3 28. e6 f5 29. Re1 Qg4 30. Qxg4 fxg4 31. Re5 Rd3 32. Rc5 Rd6 33. Re5 Kg7 34. Kf1 Kf6 35. Rxb5 Rxe6 36. Rc5 h5 37. Rc8 g5 38. Rh8 Kg6 39. Rg8+ Kf6 40. Rh8 Kg6 41. Rg8+ Kf6 42. Rc8 h4 43. gxh4 gxh4 44. c4 h3 45. Kg1 Re2 46. c5 h2+ 47. Kxh2 Rxf2+ 48. Kg3 Rc2 49. Kxg4 Ke6 50. Kf4 Kd5 51. Re8 Rxc5 52. Rxe7 Rc4+ 53. Kf5 Kd6 54. Re6+ Kd7 55. Re5 Kd6 56. Re6+ Kd7 57. Re4 Rxe4 58. Kxe4 1/2-1/2

[Event "Titled Tuesday intern op 16th Apr Early"]
[Site "Chess.com INT"]
[Date "2024.04.16"]
[Round "2"]
[White "Md, Sharif Hossain"]
[Black "Tao, Sihan"]
[Result "0-1"]
[WhiteElo "2137"]
[BlackElo "2147"]
[PlyCount "56"]
[EventDate "2024.04.16"]
[EventType "swiss (blitz)"]
[EventRounds "11"]
[EventCountry "USA"]
[SourceTitle "CBM 219 Extra"]
[Source "ChessBase"]
[SourceDate "2024.05.31"]
[SourceVersion "1"]
[SourceVersionDate "2024.05.31"]
[SourceQuality "1"]

1. e4 c5 2. Nf3 d6 3. d4 cxd4 4. Nxd4 Nf6 5. Nc3 Nc6 6. Bg5 e6 7. Qd2 a6 8. Nf3 h6 9. Bh4 Be7 10. 0-0-0 Qa5 11. Kb1 Bd7 12. e5 Nxe5 13. Bxf6 Bxf6 14. Qxd6 Rd8 15. Ne4 Nxf3 16. Nxf6+ gxf6 17. gxf3 Bc6 18. Qxd8+ Qxd8 19. Rxd8+ Kxd8 20. Be2 Rg8 21. Kc1 Rg2 22. Kd2 Rxf2 23. Ke3 Rg2 24. Bd3 Ke7 25. b4 f5 26. a3 Kf6 27. c4 e5 28. b5 f4# 0-1

[Event "Bangabandhu-chT"]
[Site "Dhaka"]
[Date "2024.02.09"]
[Round "9.3"]
[White "Chowdhury, Sohel"]
[Black "Md, Sharif Hossain"]
[Result "1-0"]
[WhiteElo "1941"]
[BlackElo "2114"]
[PlyCount "83"]
[EventDate "2024.02.01"]
[EventType "team-tourn"]
[EventRounds "11"]
[EventCountry "BAN"]
[SourceTitle "CBM 218 Extra"]
[Source "ChessBase"]
[SourceDate "2024.03.31"]
[SourceVersion "1"]
[SourceVersionDate "2024.03.31"]
[SourceQuality "1"]
[WhiteTeam "Manha's Castle"]
[BlackTeam "Bangladesh Navy"]
[WhiteTeamCountry "BAN"]
[BlackTeamCountry "BAN"]

1. e4 e5 2. Nf3 Nc6 3. Bb5 a6 4. Ba4 Nf6 5. 0-0 b5 6. Bb3 Bc5 7. Nxe5 Nxe5 8. d4 Bxd4 9. Qxd4 d6 10. c3 c5 11. Qe3 c4 12. Bc2 Qc7 13. h3 0-0 14. Qe2 Re8 15. Bg5 Ned7 16. Nd2 Bb7 17. Rfe1 d5 18. Bxf6 Nxf6 19. e5 Re7 20. f4 Rae8 21. Qf2 Nd7 22. Nf3 Qc5 23. Nd4 Nf8 24. Re3 Bc8 25. Rg3 g6 26. h4 Ne6 27. h5 Nxd4 28. cxd4 Qb6 29. f5 f6 30. hxg6 h6 31. e6 Kg7 32. Rh3 Bxe6 33. Qf4 Rh8 34. Re1 Ree8 35. Rxe6 Rxe6 36. fxe6 Qd8 37. e7 Qxe7 38. Re3 Qd8 39. Re6 a5 40. Qe3 Rf8 41. Re7+ Kg8 42. Qe6+ 1-0

[Event "Bangabandhu-chT"]
[Site "Dhaka"]
[Date "2024.02.05"]
[Round "5.3"]
[White "Harikrishnan, A Ra"]
[Black "Md, Sharif Hossain"]
[Result "1-0"]
[WhiteElo "2443"]
[BlackElo "2114"]
[PlyCount "51"]
[EventDate "2024.02.01"]
[EventType "team-tourn"]
[EventRounds "11"]
[EventCountry "BAN"]
[SourceTitle "CBM 218 Extra"]
[Source "ChessBase"]
[SourceDate "2024.03.31"]
[SourceVersion "1"]
[SourceVersionDate "2024.03.31"]
[SourceQuality "1"]
[WhiteTeam "Leonine CC"]
[BlackTeam "Bangladesh Navy"]
[WhiteTeamCountry "BAN"]
[BlackTeamCountry "BAN"]

1. Nf3 d5 2. g3 Nf6 3. Bg2 Nbd7 4. 0-0 e5 5. d3 Bd6 6. Nbd2 0-0 7. e4 c6 8. Re1 dxe4 9. dxe4 b5 10. Nc4 Bc7 11. Nd6 Nc5 12. Nxc8 Qxc8 13. Nh4 Rd8 14. Qe2 Ba5 15. Rf1 Ne6 16. c3 g6 17. f4 exf4 18. gxf4 Qd7 19. f5 gxf5 20. Nxf5 Qd3 21. Nh6+ Kg7 22. Qxd3 Rxd3 23. e5 Bb6+ 24. Kh1 Nd5 25. Be4 Be3 26. Nf5+ 1-0

[Event "Bangabandhu-chT"]
[Site "Dhaka"]
[Date "2024.02.02"]
[Round "2.3"]
[White "Md, Sharif Hossain"]
[Black "Ter Sahakyan, Samvel"]
[Result "0-1"]
[WhiteElo "2114"]
[BlackElo "2640"]
[PlyCount "62"]
[EventDate "2024.02.01"]
[EventType "team-tourn"]
[EventRounds "11"]
[EventCountry "BAN"]
[SourceTitle "CBM 218 Extra"]
[Source "ChessBase"]
[SourceDate "2024.03.31"]
[SourceVersion "1"]
[SourceVersionDate "2024.03.31"]
[SourceQuality "1"]
[WhiteTeam "Bangladesh Navy"]
[BlackTeam "Bangladesh Police"]
[WhiteTeamCountry "BAN"]
[BlackTeamCountry "BAN"]

1. e4 c5 2. Nf3 d6 3. d4 cxd4 4. Nxd4 Nf6 5. Nc3 a6 6. Bg5 Nc6 7. Be2 e6 8. f4 Qb6 9. Nb3 Be7 10. Qd2 0-0 11. 0-0-0 Rd8 12. g4 Qc7 13. f5 b5 14. a3 b4 15. axb4 Nxb4 16. Bf3 Rb8 17. Bf4 e5 18. Bg5 a5 19. h4 Ba6 20. Be2 a4 21. Bxa6 axb3 22. Bd3 Na2+ 23. Kb1 bxc2+ 24. Kxc2 Nxc3 25. bxc3 d5 26. Qe1 dxe4 27. Be2 Nd5 28. Rh3 Nb4+ 29. Kc1 Nd3+ 30. Bxd3 Ba3+ 31. Kd2 Rb2+ 0-1

[Event "Dhaka Walton op"]
[Site "Dhaka"]
[Date "2024.01.03"]
[Round "7"]
[White "Md, Sharif Hossain"]
[Black "Manon, Reja Neer"]
[Result "0-1"]
[WhiteElo "2120"]
[BlackElo "2243"]
[PlyCount "82"]
[EventDate "2023.12.30"]
[EventType "swiss"]
[EventRounds "9"]
[EventCountry "BAN"]
[SourceTitle "CBM 218 Extra"]
[Source "ChessBase"]
[SourceDate "2024.03.31"]
[SourceVersion "1"]
[SourceVersionDate "2024.03.31"]
[SourceQuality "1"]

1. e4 c6 2. d4 d5 3. Nc3 dxe4 4. Nxe4 Nf6 5. Nxf6+ exf6 6. Be3 Bd6 7. Bd3 Na6 8. a3 Nc7 9. c4 0-0 10. Qc2 g6 11. Ne2 Re8 12. 0-0 f5 13. Rfd1 Ne6 14. c5 Bb8 15. g3 f4 16. gxf4 Qh4 17. Ng3 Bxf4 18. Be4 f5 19. Bg2 Bc7 20. d5 cxd5 21. Bxd5 f4 22. Qc4 g5 23. Rd4 Qh6 24. Re4 fxe3 25. Rxe3 Bf4 26. Re2 Kf7 27. Rae1 Rb8 28. b4 a6 29. a4 Qf6 30. Qe4 Qg6 31. Qc4 Re7 32. Re4 Qh6 33. Qe2 Bd7 34. Qg4 Rbe8 35. h4 Kf8 36. Nf5 Qf6 37. Nxe7 Nxc5 38. Qh5 Nxe4 39. Ng8 Bh2+ 40. Kh1 Nxf2+ 41. Kg2 Bh3+ 0-1

[Event "Titled Tuesday intern op 17th Oct Early"]
[Site "Chess.com INT"]
[Date "2023.10.17"]
[Round "6"]
[White "Md, Sharif Hossain"]
[Black "Mohammadi, Melika"]
[Result "0-1"]
[WhiteElo "2143"]
[BlackElo "2164"]
[PlyCount "68"]
[EventDate "2023.10.17"]
[EventType "swiss (blitz)"]
[EventRounds "11"]
[EventCountry "USA"]
[SourceTitle "EXT 2025"]
[Source "ChessBase"]
[SourceDate "2024.10.14"]
[SourceVersion "1"]
[SourceVersionDate "2024.10.14"]
[SourceQuality "1"]

1. e4 e5 2. Nf3 Nc6 3. Bb5 a6 4. Ba4 Nf6 5. 0-0 Be7 6. Re1 b5 7. Bb3 0-0 8. h3 Bb7 9. d3 d6 10. c3 Na5 11. Bc2 c5 12. Nbd2 Nc6 13. Nf1 Re8 14. Ne3 g6 15. b3 d5 16. Qe2 dxe4 17. dxe4 b4 18. Rd1 Qc7 19. Nd5 Nxd5 20. exd5 Na7 21. c4 Nc8 22. Bb2 f6 23. Nd2 Nd6 24. f3 Bf8 25. Ne4 Bg7 26. Nxd6 Qxd6 27. Re1 a5 28. Qf2 Re7 29. Re2 f5 30. Qg3 Rae8 31. Rae1 Ba6 32. a4 Bb7 33. Kh1 Bc8 34. Qxg6 hxg6 0-1

[Event "Titled Tuesday intern op 17th Oct Early"]
[Site "Chess.com INT"]
[Date "2023.10.17"]
[Round "3"]
[White "Reprintsev, Alexander"]
[Black "Md, Sharif Hossain"]
[Result "1-0"]
[WhiteElo "2227"]
[BlackElo "2143"]
[PlyCount "81"]
[EventDate "2023.10.17"]
[EventType "swiss (blitz)"]
[EventRounds "11"]
[EventCountry "USA"]
[SourceTitle "EXT 2025"]
[Source "ChessBase"]
[SourceDate "2024.10.14"]
[SourceVersion "1"]
[SourceVersionDate "2024.10.14"]
[SourceQuality "1"]

1. e4 e5 2. Nf3 Nc6 3. Bc4 Nf6 4. Ng5 d5 5. exd5 Na5 6. Bb5+ c6 7. dxc6 bxc6 8. Bd3 Nd5 9. h4 h6 10. Qh5 Qc7 11. Nxf7 Nf4 12. Qxe5+ Qxe5+ 13. Nxe5 Bd6 14. Ng6 Nxd3+ 15. cxd3 Rg8 16. b4 Bf5 17. bxa5 Bxg6 18. Ba3 Be5 19. Nc3 Bxd3 20. Rh3 0-0-0 21. 0-0-0 Bf6 22. g4 Rge8 23. f4 Kc7 24. Bc5 Kb7 25. a6+ Kxa6 26. g5 Bf5 27. gxf6 Bxh3 28. fxg7 Rg8 29. Rg1 Rd7 30. Bf8 Kb7 31. Rg6 h5 32. Ne4 Bf5 33. Nc5+ Kc7 34. Nxd7 Bxg6 35. Nf6 Bf7 36. a3 a6 37. f5 Kd8 38. Kc2 Bd5 39. Kc3 Kc7 40. Nxd5+ cxd5 41. f6 1-0

[Event "Asia zt 3.2"]
[Site "Dhaka"]
[Date "2023.05.10"]
[Round "9"]
[White "Mohammad Fahad, Rahman"]
[Black "Md, Sharif Hossain"]
[Result "1-0"]
[WhiteElo "2396"]
[BlackElo "2115"]
[PlyCount "79"]
[EventDate "2023.05.02"]
[EventType "swiss"]
[EventRounds "9"]
[EventCountry "BAN"]
[SourceTitle "CBM 214 Extra"]
[Source "ChessBase"]
[SourceDate "2023.07.31"]
[SourceVersion "1"]
[SourceVersionDate "2023.07.31"]
[SourceQuality "1"]

1. d4 Nf6 2. c4 e6 3. Nf3 c5 4. d5 exd5 5. cxd5 d6 6. Nc3 g6 7. Nd2 Bg7 8. e4 0-0 9. Be2 Re8 10. 0-0 Na6 11. h3 Nc7 12. a4 Nd7 13. Qc2 b6 14. Nb5 Nxb5 15. Bxb5 Rf8 16. Rb1 g5 17. b4 Ne5 18. f4 gxf4 19. Nc4 f5 20. Bxf4 Nxc4 21. Qxc4 Bd4+ 22. Kh1 a5 23. bxc5 bxc5 24. Qd3 Rf7 25. Rbe1 fxe4 26. Qxe4 Bf5 27. Qf3 Qf6 28. Re6 Bxe6 29. dxe6 Rff8 30. Qd5 Qe7 31. Bg5 Rxf1+ 32. Bxf1 Qe8 33. Bb5 Qg6 34. Qxa8+ Kg7 35. Qb7+ Kh8 36. Qc8+ Kg7 37. Qd7+ Kg8 38. Qe8+ Qxe8 39. Bxe8 h6 40. Bg6 1-0

[Event "Asia zt 3.2"]
[Site "Dhaka"]
[Date "2023.05.08"]
[Round "7"]
[White "Mehdi, Hasan Parag"]
[Black "Md, Sharif Hossain"]
[Result "0-1"]
[WhiteElo "2219"]
[BlackElo "2115"]
[PlyCount "132"]
[EventDate "2023.05.02"]
[EventType "swiss"]
[EventRounds "9"]
[EventCountry "BAN"]
[SourceTitle "CBM 214 Extra"]
[Source "ChessBase"]
[SourceDate "2023.07.31"]
[SourceVersion "1"]
[SourceVersionDate "2023.07.31"]
[SourceQuality "1"]

1. e4 e5 2. Nf3 Nc6 3. Bb5 a6 4. Ba4 Nf6 5. 0-0 Be7 6. d3 b5 7. Bb3 d6 8. c3 0-0 9. Re1 Na5 10. Bc2 c5 11. h3 Qc7 12. d4 Bd7 13. d5 Nb7 14. c4 g6 15. Nc3 Rfb8 16. Bg5 Qd8 17. b3 Nh5 18. Be3 Qc8 19. Bd3 Nd8 20. Bf1 Ng7 21. g4 f6 22. Nh2 Nf7 23. Qd2 Rb7 24. Bd3 Kh8 25. Rf1 f5 26. gxf5 gxf5 27. exf5 bxc4 28. Bxc4 Bxf5 29. Kh1 Bxh3 30. Rg1 Bf5 31. Qe2 Rc7 32. Bd2 Bg6 33. Ne4 Qh3 34. f3 Nf5 35. Rg4 Bh5 36. Rg2 Nd4 37. Rg3 Qxg3 38. Nxg3 Nxe2 39. Nxh5 Nd4 40. f4 exf4 41. Bxf4 Bg5 42. Bg3 a5 43. Re1 Nf5 44. Re6 Nxg3+ 45. Nxg3 Bf4 46. Ne4 Bxh2 47. Kxh2 Rg8 48. Nf6 Rg5 49. Bd3 Rc8 50. a4 Rb8 51. Bc4 Rd8 52. Bb5 Ne5 53. Kh3 Ng6 54. Kh2 Re5 55. Bd3 Kg7 56. Ne4 Rxd5 57. Bc4 Rh5+ 58. Kg3 d5 59. Be2 Rf5 60. Nxc5 Rf6 61. Re3 Kh8 62. Bd3 Nf4 63. Rf3 Rg8+ 64. Kf2 Nxd3+ 65. Nxd3 Rxf3+ 66. Kxf3 Re8 0-1

[Event "Asia zt 3.2"]
[Site "Dhaka"]
[Date "2023.05.05"]
[Round "4"]
[White "Md, Sharif Hossain"]
[Black "Hossain, Enayet Mohammed"]
[Result "1-0"]
[WhiteElo "2115"]
[BlackElo "1930"]
[PlyCount "109"]
[EventDate "2023.05.02"]
[EventType "swiss"]
[EventRounds "9"]
[EventCountry "BAN"]
[SourceTitle "CBM 214 Extra"]
[Source "ChessBase"]
[SourceDate "2023.07.31"]
[SourceVersion "1"]
[SourceVersionDate "2023.07.31"]
[SourceQuality "1"]

1. e4 e6 2. d4 d5 3. Nc3 Bb4 4. e5 c5 5. a3 Bxc3+ 6. bxc3 Ne7 7. Qg4 Ng6 8. h4 h5 9. Qg3 Nc6 10. Bd3 Nce7 11. Nf3 c4 12. Be2 Nf5 13. Qg5 Bd7 14. g3 Ba4 15. Qd2 Qe7 16. Qd1 Nf8 17. Ng5 g6 18. Nh3 Qc7 19. Bf3 Rb8 20. 0-0 Qd7 21. Re1 b6 22. Bf4 Rb7 23. Bg2 Qc7 24. Qb1 Qc6 25. Bg5 Nh7 26. Bd2 Nf8 27. Ra2 Nd7 28. Bg5 Nb8 29. Nf4 Rd7 30. Bh3 Ne7 31. Qc1 Na6 32. Qe3 Nc7 33. Qf3 Qb5 34. Ng2 Rh7 35. Bd2 Kd8 36. Ne3 Kc8 37. Kh2 Qa5 38. Rb1 Nb5 39. Rb4 Nc7 40. Bg2 Bc6 41. a4 Ba8 42. Qd1 Bc6 43. Qh1 b5 44. Qb1 Qb6 45. axb5 Bxb5 46. Rab2 a6 47. Rxc4 dxc4 48. Nxc4 Qa7 49. Nd6+ Kd8 50. c4 Qxd4 51. cxb5 axb5 52. Rxb5 Nxb5 53. Ba5+ Rc7 54. Qxb5 Nc6 55. Qxc6 1-0

[Event "BAN-chB 47th"]
[Site "Dhaka"]
[Date "2022.10.29"]
[Round "3"]
[White "Avik, Sarker"]
[Black "Md, Sharif Hossain"]
[Result "0-1"]
[WhiteElo "1972"]
[BlackElo "2144"]
[PlyCount "128"]
[EventDate "2022.10.27"]
[EventType "swiss"]
[EventRounds "11"]
[EventCountry "BAN"]
[SourceTitle "EXT 2024"]
[Source "ChessBase"]
[SourceDate "2023.10.10"]
[SourceVersion "1"]
[SourceVersionDate "2023.10.10"]
[SourceQuality "1"]

1. d4 Nf6 2. Bf4 g6 3. e3 Bg7 4. Nf3 d6 5. h3 0-0 6. Be2 Nc6 7. 0-0 Nd7 8. c4 e5 9. Bg3 h6 10. Nc3 b6 11. d5 Ne7 12. Qc2 f5 13. Bh2 Rf7 14. Nd2 Nf6 15. b4 Bd7 16. b5 Bc8 17. a4 a5 18. Kh1 h5 19. f4 e4 20. Rad1 Bh8 21. h4 Nd7 22. Nb3 Qf8 23. Bg3 Bf6 24. Be1 Kh7 25. g3 Ng8 26. Kg2 Nh6 27. Rh1 Qh8 28. Rc1 Bg7 29. Rb1 Re7 30. Nd1 Nf7 31. Rc1 Nd8 32. Rb1 Nb7 33. Rc1 Nbc5 34. Nxc5 Nxc5 35. Bf2 Bd7 36. Re1 Be8 37. Bf1 Bf7 38. Be2 Kg8 39. Bf1 Kf8 40. Be2 Ke8 41. Bf1 Kd7 42. Be2 Bf6 43. Bf1 Rg8 44. Kh3 Kc8 45. Be2 Be8 46. Kh2 Bd7 47. Rb1 Rh7 48. Rc1 Qg7 49. Kg2 g5 50. hxg5 Bxg5 51. fxg5 Qxg5 52. Rg1 h4 53. Kf1 Rhg7 54. Ke1 hxg3 55. Rxg3 Qh6 56. Rxg7 Rxg7 57. Kd2 Rg2 58. Bf1 Rh2 59. Ke1 Rh1 60. Nb2 f4 61. Kd2 Rh2 62. Ke1 fxe3 63. Nd1 exf2+ 64. Nxf2 Qe3+ 0-1

[Event "Dhaka Chowdhury Memorial op-A 2nd"]
[Site "Dhaka"]
[Date "2022.07.03"]
[Round "2"]
[White "Mohammad Fahad, Rahman"]
[Black "Md, Sharif Hossain"]
[Result "1-0"]
[WhiteElo "2396"]
[BlackElo "2133"]
[PlyCount "127"]
[EventDate "2022.07.02"]
[EventType "swiss"]
[EventRounds "8"]
[EventCountry "BAN"]
[SourceTitle "EXT 2023"]
[Source "ChessBase"]
[SourceDate "2022.10.05"]
[SourceVersion "1"]
[SourceVersionDate "2022.10.05"]
[SourceQuality "1"]

1. d4 d5 2. c4 dxc4 3. e3 a6 4. Bxc4 e6 5. Nf3 c5 6. 0-0 Nf6 7. Nbd2 Nc6 8. dxc5 Bxc5 9. a3 0-0 10. b4 Ba7 11. Bb2 b5 12. Be2 Bb7 13. Rc1 Qe7 14. Nb3 Rfd8 15. Qc2 Rac8 16. Qb1 Nb8 17. Na5 Ba8 18. Ng5 e5 19. Rxc8 Rxc8 20. Rc1 Re8 21. Nf3 Ng4 22. Rf1 e4 23. Nd4 Ne5 24. Nf5 Qg5 25. Ng3 Bb6 26. Rc1 Bxe3 27. fxe3 Qxe3+ 28. Kh1 Nd3 29. Rf1 Nf2+ 30. Rxf2 Qxf2 31. Qf1 Qxf1+ 32. Nxf1 f5 33. Bc1 Bd5 34. Kg1 Rc8 35. Bf4 Nd7 36. Ne3 Be6 37. Bd1 Rc3 38. a4 Nf6 39. axb5 axb5 40. Nb7 h6 41. h4 Nd5 42. Nxd5 Bxd5 43. Nd6 e3 44. Kf1 Bc4+ 45. Nxc4 bxc4 46. Ke2 Ra3 47. b5 Ra2+ 48. Kxe3 Rb2 49. Be2 c3 50. Be5 f4+ 51. Kf2 Rc2 52. Bxf4 Kf7 53. Be5 g5 54. hxg5 hxg5 55. Ke3 Ke6 56. Bd4 Kd5 57. Bd1 Rb2 58. Bf3+ Kc4 59. Be2+ Kb3 60. b6 c2 61. Bc4+ Ka3 62. Kd2 c1Q+ 63. Kxc1 Rxg2 64. b7 1-0